Word finding difficulties in aphasia : a case study /
Saved in:
| Main Author: | |
|---|---|
| Format: | Thesis Book |
| Language: | English |
| Published: |
2003.
|
| Subjects: | |
| Tags: |
Add Tag
No Tags, Be the first to tag this record!
|
| LEADER | 01079cam a2200277 a 4500 | ||
|---|---|---|---|
| 001 | u523085 | ||
| 003 | SIRSI | ||
| 008 | 930723s2003 my t 00 10 eng m | ||
| 035 | |a ADB-3439 | ||
| 040 | |a UMM |d UMB | ||
| 090 | |a RC423 |b UM 2003 Sum | ||
| 093 | |a RC423 |b UM 2003 Sum | ||
| 100 | 0 | 0 | |a Sumathi Sinnappan. |
| 245 | 1 | 0 | |a Word finding difficulties in aphasia : |b a case study / |c Sumathi Sinnappan. |
| 260 | |c 2003. | ||
| 300 | |a xii, 125 leaves : |b ill. ; |c 30 cm. | ||
| 502 | |a Dissertation (M.L.S.P.) -- Fakulti Bahasa dan Linguistik, Universiti Malaya, 2004. | ||
| 504 | |a Bibliography: leaves 96-104. | ||
| 650 | 0 | |a Language disorders |x Case studies. | |
| 650 | 0 | |a Aphasia |x Case studies | |
| 650 | 0 | |a Neurolinguistics. | |
| 710 | 2 | 0 | |a Universiti Malaya. |b Fakulti Bahasa dan Linguistik. |
| 948 | |a 24/05/2004 |b 11/10/2004 | ||
| 596 | |a 1 6 | ||
| 999 | |a RC423 UM 2003 SUM |w LC |c 1 |i A511434281 |d 8/3/2015 |e 8/3/2015 |l STACKS |m P01UTAMA |n 4 |r Y |s Y |t TESIS |u 19/10/2004 | ||
| 999 | |a RC423 UM 2003 SUM |w LC |c 1 |i A511740397 |d 4/3/2015 |e 4/3/2015 |f 23/1/2006 |g 1 |l STACKS |m P06BAHASA |n 1 |r Y |s Y |t TESIS |u 23/1/2006 | ||
